000 00278nam a2200121Ia 4500
008 190216s9999||||xx |||||||||||||| ||und||
100 _aJames Af Stoner
245 0 _aManagement
260 _bAllied Publishers Limited
_c1982
300 _a683p
650 _aCommerce
942 _cBK
999 _c4855
_d4855